[Event "Molde Rosecupen B"]
[Site "Molde"]
[Date "2019.06.16"]
[Round "6"]
[White "Eidet, Leo Moen"]
[Black "Wister, Finn Arild"]
[Result "1/2-1/2"]
[WhiteElo "1400"]
[BlackElo "1410"]
[PlyCount "66"]
[EventDate "2019.06.15"]
[EventType "swiss"]
[EventRounds "6"]
[EventCountry "NOR"]
[SourceTitle "EXT 2024"]
[Source "ChessBase"]
[SourceDate "2023.10.10"]
[SourceVersion "1"]
[SourceVersionDate "2023.10.10"]
[SourceQuality "1"]

1. e4 d6 2. d4 Nf6 3. Nc3 g6 4. Nf3 c6 5. Be2 b5 6. a3 Bg7 7. 0-0 0-0 8. Be3 Bb7 9. Qd2 a6 10. b4 Nbd7 11. Bh6 e5 12. dxe5 dxe5 13. Bxg7 Kxg7 14. Qe3 Qe7 15. Rad1 Ng4 16. Qc1 Rad8 17. h3 Ngf6 18. Qe3 c5 19. Nd5 Nxd5 20. exd5 cxb4 21. axb4 Qxb4 22. Rd2 Qf4 23. Qa7 Bc8 24. Rfd1 Nf6 25. d6 Rd7 26. Qc5 Ne4 27. Qxe5+ Qxe5 28. Nxe5 Nxd2 29. Nxd7 Bxd7 30. Rxd2 Rc8 31. c4 bxc4 32. Rc2 Rc6 33. Rxc4 Rxd6 1/2-1/2

[Event "Oslo Bockman op"]
[Site "Oslo"]
[Date "2011.04.08"]
[Round "4"]
[White "Gholami, Anita"]
[Black "Wister, Finn Arild"]
[Result "1/2-1/2"]
[WhiteElo "1160"]
[BlackElo "1308"]
[PlyCount "59"]
[EventDate "2011.04.08"]
[EventType "swiss"]
[EventRounds "5"]
[EventCountry "NOR"]
[SourceTitle "CBM 142 Extra"]
[Source "ChessBase"]
[SourceDate "2011.06.27"]
[SourceVersion "1"]
[SourceVersionDate "2011.06.27"]
[SourceQuality "1"]

1. e4 d6 2. d4 Nf6 3. Nc3 g6 4. Be3 c6 5. h3 Bg7 6. Qd2 0-0 7. Be2 b5 8. a3 Bb7 9. f3 a6 10. b4 e5 11. d5 cxd5 12. Nxd5 Nxd5 13. exd5 Nd7 14. c4 bxc4 15. Bxc4 Nb6 16. Ba2 Rc8 17. g4 Nc4 18. Bxc4 Rxc4 19. Rc1 Rxc1+ 20. Qxc1 Bxd5 21. h4 Qc8 22. Qd2 Qc4 23. Rh3 Rc8 24. Ne2 Qc6 25. Kf2 e4 26. f4 Bc4 27. Kg3 Bxe2 28. Qxe2 Qc3 29. h5 Bd4 30. Kh4 1/2-1/2